[Event "Polanica Zdroj op-E 56th"]
[Site "Polanica Zdroj"]
[Date "2020.08.22"]
[Round "8"]
[White "Kaminski, Mateusz"]
[Black "Lesniak, Wojciech1"]
[Result "1-0"]
[WhiteElo "1441"]
[BlackElo "1368"]
[PlyCount "103"]
[EventDate "2020.08.15"]
[EventType "swiss"]
[EventRounds "9"]
[EventCountry "POL"]
[SourceTitle "CBM 198 Extra"]
[Source "ChessBase"]
[SourceDate "2020.11.30"]
[SourceVersion "1"]
[SourceVersionDate "2020.11.30"]
[SourceQuality "1"]

1. e4 e6 2. d4 d5 3. Nd2 c5 4. exd5 Qxd5 5. dxc5 Qxc5 6. Nb3 Qc7 7. Nf3 Nf6 8. Bg5 Be7 9. Be2 Nc6 10. 0-0 0-0 11. c3 a6 12. Rc1 e5 13. Qc2 Be6 14. Bh4 h6 15. Nfd2 Rac8 16. Qb1 Nd5 17. Bxe7 Qxe7 18. Ne4 Nf4 19. Bf3 Bd5 20. g3 Bxe4 21. Qxe4 f5 22. Qc4+ Qe6 23. Qxe6+ Nxe6 24. Bd5 Rfe8 25. Nc5 Ncd8 26. Nxe6 Nxe6 27. Bxb7 Rb8 28. Bxa6 Rxb2 29. Bc4 Kf7 30. Rb1 Rxb1 31. Rxb1 Rc8 32. Bxe6+ Kxe6 33. Rb3 Rc5 34. Kf1 Kd5 35. Ke2 Kc4 36. Kd2 Rd5+ 37. Kc2 e4 38. Rb4+ Kc5 39. Ra4 Rd3 40. Ra5+ Kc4 41. Rxf5 Rxc3+ 42. Kd2 Kd4 43. Ra5 Rf3 44. Ke2 g5 45. Ra4+ Kc5 46. Rxe4 Ra3 47. Re6 Rxa2+ 48. Kf3 Ra3+ 49. Kg2 Kd5 50. Rxh6 Ke5 51. Rh5 Kf6 52. h4 1-0

[Event "Polanica Zdroj op-E 56th"]
[Site "Polanica Zdroj"]
[Date "2020.08.17"]
[Round "3"]
[White "Szandurski, Radoslaw"]
[Black "Kaminski, Mateusz"]
[Result "0-1"]
[WhiteElo "1607"]
[BlackElo "1441"]
[PlyCount "51"]
[EventDate "2020.08.15"]
[EventType "swiss"]
[EventRounds "9"]
[EventCountry "POL"]
[SourceTitle "CBM 198 Extra"]
[Source "ChessBase"]
[SourceDate "2020.11.30"]
[SourceVersion "1"]
[SourceVersionDate "2020.11.30"]
[SourceQuality "1"]

1. e4 e5 2. Nc3 Nf6 3. d3 Nc6 4. g3 Bc5 5. Bg2 d6 6. Nge2 0-0 7. 0-0 Ne8 8. Na4 Bb6 9. Nxb6 axb6 10. f4 exf4 11. Nxf4 f5 12. Bd2 fxe4 13. Bxe4 Nf6 14. Bg2 Re8 15. Bc3 Ne5 16. h3 d5 17. Nh5 Nxh5 18. Qxh5 d4 19. Bd2 g6 20. Qh6 Qd7 21. Rf2 Nf7 22. Qf4 Re7 23. a3 c6 24. Raf1 c5 25. c4 dxc3 26. Bxc3 0-1

[Event "Rubinstein Memorial-C 55th"]
[Site "Polanica Zdroj"]
[Date "2019.08.21"]
[Round "5"]
[White "Ziemski, Przemyslaw"]
[Black "Kaminski, Mateusz"]
[Result "1/2-1/2"]
[WhiteElo "1759"]
[BlackElo "1544"]
[PlyCount "120"]
[EventDate "2019.08.17"]
[EventType "swiss"]
[EventRounds "9"]
[EventCountry "POL"]
[SourceTitle "EXT 2020"]
[Source "ChessBase"]
[SourceDate "2019.10.17"]
[SourceVersion "1"]
[SourceVersionDate "2019.10.17"]
[SourceQuality "1"]

1. c4 c5 2. e4 Nc6 3. Nc3 Nf6 4. g3 d6 5. Bg2 g6 6. Nge2 Bg7 7. 0-0 0-0 8. d3 Ne8 9. Be3 e5 10. Qd2 Be6 11. Nd5 Ne7 12. f4 Bxd5 13. cxd5 f5 14. fxe5 Bxe5 15. d4 cxd4 16. Bxd4 Ng7 17. Rac1 Bxd4+ 18. Qxd4 Qa5 19. Nc3 fxe4 20. g4 Rxf1+ 21. Rxf1 Qc5 22. Qxc5 dxc5 23. d6 Nc6 24. Nxe4 Ne6 25. Nf6+ Kg7 26. Bd5 Rf8 27. Nd7 Rxf1+ 28. Kxf1 Ncd8 29. Kf2 b6 30. Ke3 Nf8 31. Nxf8 Kxf8 32. Ke4 Nf7 33. d7 Nd8 34. g5 Ke7 35. Ke5 Kxd7 36. Kf6 Kd6 37. Bg8 b5 38. Bxh7 Ne6 39. Bxg6 Nf4 40. h4 c4 41. h5 b4 42. h6 Nxg6 43. Kxg6 c3 44. bxc3 bxc3 45. h7 c2 46. h8Q c1Q 47. Qd8+ Ke6 48. Qf6+ Kd5 49. Qf7+ Kd6 50. Qxa7 Qc2+ 51. Kh6 Qh2+ 52. Kg6 Qc2+ 53. Kh5 Qh2+ 54. Kg4 Qg2+ 55. Kf4 Qh2+ 56. Kf3 Qh3+ 57. Ke4 Qg4+ 58. Kd3 Qxg5 59. Qb6+ Kd7 60. a4 Qd5+ 1/2-1/2

[Event "Rubinstein Memorial-C 55th"]
[Site "Polanica Zdroj"]
[Date "2019.08.20"]
[Round "4"]
[White "Kaminski, Mateusz"]
[Black "Gromada, Andrzej"]
[Result "1/2-1/2"]
[WhiteElo "1544"]
[BlackElo "1721"]
[PlyCount "129"]
[EventDate "2019.08.17"]
[EventType "swiss"]
[EventRounds "9"]
[EventCountry "POL"]
[SourceTitle "EXT 2020"]
[Source "ChessBase"]
[SourceDate "2019.10.17"]
[SourceVersion "1"]
[SourceVersionDate "2019.10.17"]
[SourceQuality "1"]

1. e4 e6 2. d4 d5 3. Nd2 Nf6 4. e5 Nfd7 5. f4 c5 6. Ndf3 Nc6 7. c3 cxd4 8. cxd4 Qb6 9. a3 Be7 10. Ne2 0-0 11. Nc3 f6 12. b4 fxe5 13. fxe5 Rxf3 14. Qxf3 Nxd4 15. Qf2 Nxe5 16. Na4 Bxb4+ 17. axb4 Qxb4+ 18. Bd2 Nc2+ 19. Kd1 Qb3 20. Nc5 Qb2 21. Rc1 Na3 22. Qg3 Nb1 23. Bc3 Nxc3+ 24. Qxc3 Qxc3 25. Rxc3 b6 26. Na6 Ng4 27. Kc2 d4 28. Ra3 Bb7 29. Kd2 Rf8 30. Nc7 Ne3 31. Ke2 a5 32. Rxe3 dxe3 33. Kxe3 Rf6 34. Rg1 Kf8 35. Bc4 Ke7 36. Nxe6 b5 37. Ba2 Rxe6+ 38. Bxe6 Kxe6 39. Kd4 Kd6 40. g3 Bd5 41. Re1 a4 42. Re8 Bc4 43. Ra8 Ke6 44. Rf8 a3 45. Kc3 Ke5 46. h4 Ke4 47. g4 h6 48. g5 hxg5 49. hxg5 a2 50. Kb2 Ke5 51. Rf2 b4 52. Rf3 b3 53. Rf8 g6 54. Rf6 Bd3 55. Rf8 Bf5 56. Ra8 Kf4 57. Kxb3 Be6+ 58. Kc2 Kxg5 59. Kd2 Kf4 60. Ra4+ Kf3 61. Kc1 g5 62. Kb2 Bd5 63. Rb4 Be4 64. Rb5 g4 65. Rg5 1/2-1/2

[Event "Rubinstein Memorial-C 55th"]
[Site "Polanica Zdroj"]
[Date "2019.08.18"]
[Round "2"]
[White "Kaminski, Mateusz"]
[Black "Koscielny, Edmond"]
[Result "0-1"]
[WhiteElo "1544"]
[BlackElo "1841"]
[PlyCount "146"]
[EventDate "2019.08.17"]
[EventType "swiss"]
[EventRounds "9"]
[EventCountry "POL"]
[SourceTitle "EXT 2020"]
[Source "ChessBase"]
[SourceDate "2019.10.17"]
[SourceVersion "1"]
[SourceVersionDate "2019.10.17"]
[SourceQuality "1"]

1. e4 d6 2. d4 Nf6 3. Nc3 g6 4. Nf3 Bg7 5. Bc4 0-0 6. 0-0 c6 7. Bb3 Bg4 8. Be3 Qc7 9. h3 Bxf3 10. Qxf3 Nbd7 11. Qe2 e5 12. dxe5 dxe5 13. Rad1 b5 14. f3 a5 15. a4 b4 16. Nb1 Rfd8 17. Nd2 Nb6 18. Nc4 Nxc4 19. Qxc4 Nh5 20. Rd5 Nf4 21. Rb5 Ne6 22. Rb6 Rdc8 23. Rc1 Nd4 24. Ra6 Rxa6 25. Qxa6 c5 26. Qc4 Bf8 27. Rd1 Kg7 28. Bf2 Rd8 29. Rd3 Bd6 30. g3 Qe7 31. Kg2 Rf8 32. c3 Nxb3 33. Qxb3 f5 34. Qc4 fxe4 35. Qxe4 bxc3 36. bxc3 Rf6 37. Rd2 Qf8 38. Rb2 Rf7 39. Rb5 Qd8 40. Qd5 Qf6 41. Bxc5 Bxc5 42. Rxc5 Re7 43. Rc4 Qf5 44. Re4 h5 45. Qxa5 h4 46. Qc5 Kf7 47. Qd5+ Kf6 48. g4 Qc8 49. c4 Qa6 50. Qb5 Qd6 51. c5 Qd2+ 52. Re2 Qf4 53. Qb6+ Kg5 54. Qd8 Kf6 55. Qh8+ Kg5 56. Qd8 Qg3+ 57. Kf1 Qxf3+ 58. Rf2 Qxh3+ 59. Kg1 Qg3+ 60. Kf1 Qh3+ 61. Ke1 Qe3+ 62. Kf1 Qh3+ 63. Kg1 Qg3+ 64. Rg2 Qe3+ 65. Kh2 Qxc5 66. Qd2+ Kf6 67. Rf2+ Kg7 68. Kh3 e4 69. Qb2+ Kh7 70. Kxh4 Qe3 71. Rf8 g5+ 72. Kh5 Qh3+ 73. Kxg5 Qh6+ 0-1

[Event "Bydgoszcz U18"]
[Site "Bydgoszcz"]
[Date "2018.02.16"]
[Round "9.5"]
[White "Losinski, Piotr"]
[Black "Kaminski, Mateusz"]
[Result "0-1"]
[WhiteElo "1447"]
[BlackElo "1412"]
[PlyCount "118"]
[EventDate "2018.02.12"]
[EventType "swiss"]
[EventRounds "9"]
[EventCountry "POL"]
[SourceTitle "EXT 2023"]
[Source "ChessBase"]
[SourceDate "2022.10.05"]
[SourceVersion "1"]
[SourceVersionDate "2022.10.05"]
[SourceQuality "1"]

1. e4 e5 2. Nf3 Nc6 3. Bb5 a6 4. Ba4 Bc5 5. 0-0 d6 6. c3 Bd7 7. d3 Nge7 8. Re1 0-0 9. Nbd2 Re8 10. Nf1 Ng6 11. Ng3 Nce7 12. Bb3 h6 13. h3 Qc8 14. Qe2 Be6 15. Ba4 Bd7 16. Bb3 Nc6 17. Nh2 Be6 18. Bc2 Bd7 19. Rf1 Qd8 20. Kh1 Re6 21. Bb3 Re8 22. Qh5 Be6 23. Nf5 Bxb3 24. axb3 Re6 25. Ng4 Nce7 26. Ra4 Bb6 27. Re1 Rb8 28. d4 exd4 29. Nxd4 Bxd4 30. cxd4 c6 31. Bd2 d5 32. e5 Kf8 33. Bxh6 gxh6 34. Qxh6+ Kg8 35. Nf6+ Rxf6 36. exf6 Qf8 37. Qxf8+ Kxf8 38. fxe7+ Nxe7 39. g4 Ng6 40. Re3 Nf4 41. Kh2 Ne6 42. h4 Kg7 43. Kg3 Nc7 44. f3 Kf6 45. g5+ Kg6 46. Kg4 f5+ 47. gxf6 Kxf6 48. Re5 Ne6 49. f4 Rg8+ 50. Kh3 Rh8 51. h5 Rg8 52. Rb4 b5 53. h6 Rh8 54. f5 Nc7 55. Kg4 Rxh6 56. Re6+ Nxe6 57. fxe6 a5 58. Rxb5 cxb5 59. e7 Kxe7 0-1